Online Catalogue and eLibrary

The history of Ceylon from the earliest times to 1600 A.D (Record no. 3475)

MARC details
000 -LEADER
fixed length control field 00436nam a2200157Ia 4500
005 - DATE AND TIME OF LATEST TRANSACTION
control field 20250131022643.0
008 - FIXED-LENGTH DATA ELEMENTS--GENERAL INFORMATION
fixed length control field 240331s9999 xx 000 0 und d
020 ## - INTERNATIONAL STANDARD BOOK NUMBER
ISBN 817013112X
082 ## - DDC Classification
Item Number - Author Mark THE
Class No. 954
245 #4 - TITLE STATEMENT
Title The history of Ceylon from the earliest times to 1600 A.D
260 ## - PUBLICATION, DISTRIBUTION, ETC.
Place of publication, distribution, etc. New Delhi
Name of publisher, distributor, etc. Booksellers and publishers
Date of publication, distribution, etc. 1993
300 ## - PHYSICAL DESCRIPTION
Extent (e.g. Volumes, Pages etc.) 445 p .,
500 ## - GENERAL NOTE
General note The History of Ceylon
700 ## - ADDED ENTRY--PERSONAL NAME
Personal name Ferguson, D.
Relator term (Role) Editor
942 ## - Koha item type (Biblio)
Koha item type Books in Stacks (Lending)
Holdings
Lost status Damaged status Collection code Home library Current library Shelving location Date acquired Full call number Accession Number Item type
    Lending WERC Library WERC Library Social Science Cupboard 03/31/2024 9549 THE 3582 Books in Stacks (Lending)

© WERC Library